Music Quiz

Random Music or This or That Quiz
Score 0/16 Timer 02:30
0 Plays Today
Question Answer Wrong Answers
Lead vocalist Robert Plant
91.2%
Jimmy Page
1.4%
John Paul Jones
0.4%
John Bonham
0.4%
Topped Rolling Stone's list of best drummers of all time John Bonham
88.8%
Robert Plant
2.3%
Jimmy Page
1.3%
John Paul Jones
0.8%
Lead guitarist Jimmy Page
83.3%
Robert Plant
3%
John Paul Jones
6.8%
John Bonham
0.6%
Won Rock Scene Magazine's Chest-O-Rama Award in 1974 Robert Plant
80.5%
Jimmy Page
7.3%
John Paul Jones
2.6%
John Bonham
2.7%
Died in 1980; considered irreplaceable, so the other members of the group disbanded John Bonham
76.9%
Robert Plant
6.1%
Jimmy Page
4.4%
John Paul Jones
5.4%
Nicknamed Bonzo John Bonham
75.5%
Robert Plant
5.3%
Jimmy Page
5.6%
John Paul Jones
6.7%
Instruments: bass guitar, piano, organ, keyboards, recorder John Paul Jones
75.4%
Robert Plant
4.4%
Jimmy Page
12.1%
John Bonham
1.2%
Played alongside Jeff Beck in The Yardbirds Jimmy Page
74.3%
Robert Plant
7.2%
John Paul Jones
9.3%
John Bonham
2.4%
Wrote most of Led Zeppelin's music Jimmy Page
67.4%
Robert Plant
16.5%
John Paul Jones
6.9%
John Bonham
1.7%
Wrote most of Led Zeppelin's lyrics Robert Plant
65.9%
Jimmy Page
20.8%
John Paul Jones
4.9%
John Bonham
1.2%
Uses the name of a revolutionary war hero as his stage name John Paul Jones
60.3%
Robert Plant
11.8%
Jimmy Page
10.2%
John Bonham
11%
Credited on all Led Zeppelin's albums as producer Jimmy Page
58.3%
Robert Plant
16.4%
John Paul Jones
15.1%
John Bonham
4.2%
Donated $10,000 to an Oregon radio station that promised never to play Stairway to Heaven again Robert Plant
55.8%
Jimmy Page
26.2%
John Paul Jones
7.5%
John Bonham
4.1%
In live performances sang the Sandy Denny part in The Battle of Evermore John Paul Jones
46%
Robert Plant
26.4%
Jimmy Page
14.1%
John Bonham
6.3%
Has played in supergroup Them Crooked Vultures with Dave Grohl and Josh Homme John Paul Jones
44.4%
Robert Plant
15.5%
Jimmy Page
28.4%
John Bonham
4.2%
Lead writing credit on Kashmir, possibly because of the enormous contribution his playing makes to this epic song John Bonham
22.3%
Robert Plant
10.6%
Jimmy Page
40.3%
John Paul Jones
20%
Remove Ads.
Support Sporcle.
Get the best of Sporcle when you Go Orange. This ad-free experience offers more features, more stats, and more fun while also helping to support Sporcle. Thank you for becoming a member.

You're not logged in!

Compare scores with friends on all Sporcle quizzes.
OR
Log In

Show Comments

Extras

Top Quizzes Today


Score Distribution

Your Account Isn't Verified!

In order to create a playlist on Sporcle, you need to verify the email address you used during registration. Go to your Sporcle Settings to finish the process.

Report this User

Report this user for behavior that violates our Community Guidelines.

Details: